Logo BPK

Biblioteka

Politechniki Koszalińskiej

The Soldier's Art / (Rekord nr 48653)

Szczegóły MARC
000 -ETYKIETA REKORDU
podpole kontrolne o stałej długości 00596nam a2200205 i 4500
001 - NUMER KONTROLNY REKORDU
pole kontrolne bgj
040 ## - ŹRÓDŁO KATALOGOWANIA
Instytucja, która utworzyła rekord BPK
041 0# - KOD JĘZYKA
Kod języka tekstu eng
008 - POLE O STAŁEJ DŁUGOŚCI - DANE KONTROLNE
podpole kontrolne o stałej długości s uk f |000 0 eng
100 1# - NAZWA OSOBOWA
Nazwa osobowa POWELL, Anthony
Daty związane z nazwą (1905- ).
245 10 - TYTUŁ/ODPOWIEDZIALNOŚĆ
Tytuł The Soldier's Art /
Pozostałe elementy strefy tytułu i oznaczenia odpowiedzialności Anthony Powell.
260 ## - STREFA ADRESU WYDAWNICZEGO
Miejsce wydania London? :
Nazwa wydawcy/dystrybutora Fontana Books,
Data publikacji, dystrybucji/powstania dokumentu 1968=
Nazwa wydawcy/dystrybutora by agreement with Heinemann.
300 ## - STREFA OPISU FIZYCZNEGO
Objętość 221 pp ;
Rozmiary 18 cm.
490 1# - STREFA SERII I DOKUMENTU WIELOCZĘŚCIOWEGO - FORMA NIE DO WYSZUKIWANIA
Tytuł i oznaczenie odpowiedzialności serii Fontana Modern Novels
650 #9 - HASŁO PRZEDMIOTOWE W FORMIE NAZWY OGÓLNEJ LUB JEDNOSTKOWEJ
Nazwa ogólna lub geograficzna Authobiographical fiction
651 #9 - HASŁO PRZEDMIOTOWE W FORMIE NAZWY GEOGRAFICZNEJ
Nazwa geograficzna England
Określnik ogólny Social life and customs
Określnik chronologiczny 20th century
655 ## - TERMIN INDEKSOWY - OKREŚLENIE RODZAJU/FORMY DOKUMENTU
Określenie rodzaju/formy dokumentu Fiction
830 ## - HASŁO DODATKOWE SERII LUB DOKUMENTU WIELOCZĘŚCIOWEGO - TYTUŁ UJEDNOLICONY
Tytuł ujednolicony Fontana Modern Novels
942 ## - DODATKOWE ELEMENTY (KOHA)
Typ dokumentu Książka
Egzemplarze
Wycofany Status egzemplarza Uszkodzony Dostępność Lokalizacja stała Lokalizacja bieżąca Miejsce przechowywania Sygnatura Kod kreskowy Typ dokumentu
      Dostępny Biblioteka Politechniki Koszalińskiej Biblioteka Politechniki Koszalińskiej Wypożyczalnia Językowa KA 5953 09052734 Książka
© 2023 Biblioteka Politechniki Koszalińskiej :: KOHA